<?xml version="1.0" encoding="UTF-8"?>
<record
    xmlns:xsi="http://www.w3.org/2001/XMLSchema-instance"
    xsi:schemaLocation="http://www.loc.gov/MARC21/slim http://www.loc.gov/standards/marcxml/schema/MARC21slim.xsd"
    xmlns="http://www.loc.gov/MARC21/slim">

  <leader>02100nam a2200277 a 4500</leader>
  <controlfield tag="003">DO-SdBNP</controlfield>
  <controlfield tag="005">20221102094844.0</controlfield>
  <controlfield tag="007">ta</controlfield>
  <controlfield tag="008">221101e2013    dr ad||fr|||| 001 edspa d</controlfield>
  <datafield tag="020" ind1=" " ind2=" ">
    <subfield code="a">9789945468137</subfield>
  </datafield>
  <datafield tag="040" ind1=" " ind2=" ">
    <subfield code="a">DO-SdBNP</subfield>
    <subfield code="b">spa</subfield>
    <subfield code="c">BNPHU</subfield>
  </datafield>
  <datafield tag="082" ind1=" " ind2="4">
    <subfield code="2">22</subfield>
    <subfield code="b">P227q</subfield>
  </datafield>
  <datafield tag="245" ind1="1" ind2="3">
    <subfield code="a">La quiebra de la esperanza. /</subfield>
    <subfield code="c">Melanio A. Paredes Pinales; Pr&#xF3;logo, Yanilka Tam&#xE1;res</subfield>
  </datafield>
  <datafield tag="260" ind1=" " ind2="4">
    <subfield code="a">Santo Domingo :</subfield>
    <subfield code="b">Alfa y Omega,</subfield>
    <subfield code="c">2013</subfield>
  </datafield>
  <datafield tag="300" ind1=" " ind2=" ">
    <subfield code="a">286 p. :</subfield>
    <subfield code="b">il., gr&#xE1;f. ;</subfield>
    <subfield code="c">23 cm.</subfield>
  </datafield>
  <datafield tag="500" ind1=" " ind2=" ">
    <subfield code="a">Incluye datos biogr&#xE1;ficos del autor en las solapas de las cubiertas.</subfield>
  </datafield>
  <datafield tag="500" ind1=" " ind2=" ">
    <subfield code="a">Incluye bibliograf&#xED;a y notas al pi&#xE9; de p&#xE1;ginas.</subfield>
  </datafield>
  <datafield tag="505" ind1=" " ind2=" ">
    <subfield code="a">Pre&#xE1;mbulo.</subfield>
    <subfield code="g">Pr&#xF3;logo.</subfield>
    <subfield code="g">Introducci&#xF3;n.</subfield>
    <subfield code="t">I. El Programa y la Revoluci&#xF3;n Educativa.--</subfield>
    <subfield code="t">II. La Educaci&#xF3;n del Siglo XXI en el -contexto Internacional y Local.--</subfield>
    <subfield code="t">III. Una apuesta por el Cambio Educativo: Cronolog&#xED;a de los Hechos que nos lleva a la Formulaci&#xF3;n de una Propuesta In&#xE9;dita.--</subfield>
    <subfield code="t">IV: El Verdadero Debate.--</subfield>
    <subfield code="t">V. La Urdimbre de Conspiraciones.--</subfield>
    <subfield code="t">VI. Los Hitos Alcanzados a solo dos  a&#xF1;os de la Gesti&#xF3;n.--</subfield>
    <subfield code="t">VII. Resbalando en la Superficie.--</subfield>
    <subfield code="t">VIII. La Prospectiva Regional y Municipal/Los Desaf&#xED;os.--</subfield>
    <subfield code="t">IX: A Modo de Colof&#xF3;n.--</subfield>
    <subfield code="t">X. Anexos:</subfield>
    <subfield code="g">Anexo 1. Acta del Consejo Nacional de Educaci&#xF3;n (CNE). del 2 de junio de 2009.--</subfield>
    <subfield code="g">Anexo 2. Fundamentos del Modelo Pedag&#xF3;gico centrado en el aprendizaje con convergencia de medios.-- </subfield>
    <subfield code="g">Anexo 3. Resoluci&#xF3;n 50 - 2010 del Consejo Nacional de educaci&#xF3;n (CNE) del 16 de diciembre 2010.--</subfield>
    <subfield code="g">Anexo 4: Resultados procesos de evaluaci&#xF3;n libros de texto.--</subfield>
    <subfield code="g">Anexo 5. Conferencia del 27 de enero 2010. "Educaci&#xF3;n, capital humano y competitividad, Escuelas efectivas y el potencial ilimitado de ni&#xF1;as, ni&#xF1;os y j&#xF3;venes.</subfield>
  </datafield>
  <datafield tag="590" ind1=" " ind2=" ">
    <subfield code="a">Inventariado 2022 / MF</subfield>
  </datafield>
  <datafield tag="650" ind1=" " ind2="4">
    <subfield code="a">Educaci&#xF3;n</subfield>
    <subfield code="z">Rep&#xFA;blica Dominicana</subfield>
    <subfield code="9">737</subfield>
    <subfield code="y">Siglo XXI</subfield>
  </datafield>
  <datafield tag="650" ind1=" " ind2="4">
    <subfield code="9">11792</subfield>
    <subfield code="a">Educaci&#xF3;n</subfield>
    <subfield code="x">Administraci&#xF3;n y Organizaci&#xF3;n</subfield>
    <subfield code="z">Rep&#xFA;blica Dominicana</subfield>
  </datafield>
  <datafield tag="650" ind1=" " ind2="4">
    <subfield code="9">21345</subfield>
    <subfield code="a">Calidad de la Educaci&#xF3;n</subfield>
    <subfield code="x">Ensayos, Conferencias, etc.</subfield>
    <subfield code="z">Rep&#xFA;blica Dominicana</subfield>
  </datafield>
  <datafield tag="700" ind1=" " ind2=" ">
    <subfield code="a">Tam&#xE1;res, Yanilka, </subfield>
    <subfield code="e">pr&#xF3;l.</subfield>
    <subfield code="9">82644</subfield>
  </datafield>
  <datafield tag="910" ind1=" " ind2=" ">
    <subfield code="a">MFeliz</subfield>
  </datafield>
  <datafield tag="942" ind1=" " ind2=" ">
    <subfield code="2">ddc</subfield>
    <subfield code="c">LBS1</subfield>
  </datafield>
  <datafield tag="952" ind1=" " ind2=" ">
    <subfield code="0">0</subfield>
    <subfield code="1">0</subfield>
    <subfield code="2">ddc</subfield>
    <subfield code="5">1</subfield>
    <subfield code="7">0</subfield>
    <subfield code="8">PD</subfield>
    <subfield code="a">BNPHU</subfield>
    <subfield code="b">BNPHU</subfield>
    <subfield code="c">CT</subfield>
    <subfield code="d">2021-09-03</subfield>
    <subfield code="e">Donado por la ADP</subfield>
    <subfield code="l">0</subfield>
    <subfield code="o">P227q</subfield>
    <subfield code="p">2022-4703</subfield>
    <subfield code="r">2022-11-01</subfield>
    <subfield code="w">2022-11-01</subfield>
    <subfield code="y">LBS1</subfield>
  </datafield>
  <datafield tag="952" ind1=" " ind2=" ">
    <subfield code="0">0</subfield>
    <subfield code="1">0</subfield>
    <subfield code="2">ddc</subfield>
    <subfield code="5">1</subfield>
    <subfield code="7">0</subfield>
    <subfield code="8">PD</subfield>
    <subfield code="a">BNPHU</subfield>
    <subfield code="b">BNPHU</subfield>
    <subfield code="c">CT</subfield>
    <subfield code="d">2021-09-03</subfield>
    <subfield code="e">Donado por la ADP</subfield>
    <subfield code="l">0</subfield>
    <subfield code="o">P227q</subfield>
    <subfield code="p">2022-4704</subfield>
    <subfield code="r">2022-11-01</subfield>
    <subfield code="t">e.2</subfield>
    <subfield code="w">2022-11-01</subfield>
    <subfield code="y">LBS1</subfield>
  </datafield>
  <datafield tag="952" ind1=" " ind2=" ">
    <subfield code="0">0</subfield>
    <subfield code="1">0</subfield>
    <subfield code="2">ddc</subfield>
    <subfield code="5">6</subfield>
    <subfield code="7">0</subfield>
    <subfield code="8">DS</subfield>
    <subfield code="a">BNPHU</subfield>
    <subfield code="b">BNPHU</subfield>
    <subfield code="c">CT</subfield>
    <subfield code="d">2021-09-03</subfield>
    <subfield code="e">Donado por la ADP</subfield>
    <subfield code="l">0</subfield>
    <subfield code="o">P227q</subfield>
    <subfield code="p">2022-4705</subfield>
    <subfield code="r">2022-11-01</subfield>
    <subfield code="t">e.3</subfield>
    <subfield code="w">2022-11-01</subfield>
    <subfield code="y">LBS1</subfield>
  </datafield>
  <datafield tag="952" ind1=" " ind2=" ">
    <subfield code="0">0</subfield>
    <subfield code="1">0</subfield>
    <subfield code="2">ddc</subfield>
    <subfield code="5">6</subfield>
    <subfield code="7">0</subfield>
    <subfield code="8">DS</subfield>
    <subfield code="a">BNPHU</subfield>
    <subfield code="b">BNPHU</subfield>
    <subfield code="c">CT</subfield>
    <subfield code="d">2021-09-03</subfield>
    <subfield code="e">Donado por la ADP</subfield>
    <subfield code="o">P227q</subfield>
    <subfield code="p">2022-4706</subfield>
    <subfield code="r">2022-11-01</subfield>
    <subfield code="t">e.4</subfield>
    <subfield code="w">2022-11-01</subfield>
    <subfield code="y">LBS1</subfield>
  </datafield>
  <datafield tag="952" ind1=" " ind2=" ">
    <subfield code="0">0</subfield>
    <subfield code="1">0</subfield>
    <subfield code="2">ddc</subfield>
    <subfield code="5">6</subfield>
    <subfield code="7">0</subfield>
    <subfield code="8">DS</subfield>
    <subfield code="a">BNPHU</subfield>
    <subfield code="b">BNPHU</subfield>
    <subfield code="c">CT</subfield>
    <subfield code="d">2021-09-03</subfield>
    <subfield code="e">ADP</subfield>
    <subfield code="l">0</subfield>
    <subfield code="o">P227q</subfield>
    <subfield code="p">2022-4716</subfield>
    <subfield code="r">2022-11-02</subfield>
    <subfield code="t">e.5</subfield>
    <subfield code="w">2022-11-02</subfield>
    <subfield code="y">LBS1</subfield>
  </datafield>
  <datafield tag="999" ind1=" " ind2=" ">
    <subfield code="c">52719</subfield>
    <subfield code="d">52719</subfield>
  </datafield>
</record>
